[Event "Tata Steel India Blitz"]
[Site "Kolkata IND"]
[Date "2019.11.25"]
[Round "1"]
[White "Vidit, Santosh Gujrathi"]
[Black "Carlsen, Magnus"]
[Result "0-1"]
[WhiteElo "2722"]
[BlackElo "2870"]
[PlyCount "82"]
[EventDate "2019.11.25"]

1. d4 Nf6 2. c4 e6 3. Nf3 d5 4. g3 dxc4 5. Bg2 Nbd7 6. O-O Rb8 7. a4 b6 8. Nbd2
Ba6 9. Qc2 c3 10. bxc3 Bxe2 11. Re1 Ba6 12. c4 Be7 13. d5 Nc5 14. Ne5 Bb7 15.
dxe6 fxe6 16. Nc6 Bxc6 17. Bxc6+ Nfd7 18. Bb2 O-O 19. Rad1 Bd6 20. Ne4 Qe7 21.
Kg2 Rbd8 22. Nxc5 Nxc5 23. f4 Qf7 24. Re2 Be7 25. Ba3 Rxd1 26. Qxd1 Rd8 27. Rd2
Rxd2+ 28. Qxd2 Qf5 29. Qe2 Kf7 30. Bxc5 Qxc5 31. Bf3 Bf6 32. Be4 h6 33. h4 Ke7
34. h5 Qd4 35. Bd5 e5 36. Qg4 Kd6 37. Qe6+ Kc5 38. fxe5 Qxe5 39. Qd7 Qe2+ 40.
Kg1 Bd4+ 41. Kh1 Qf1+ 0-1

[Event "Tata Steel India Blitz"]
[Site "Kolkata IND"]
[Date "2019.11.25"]
[Round "1"]
[White "Giri, Anish"]
[Black "Nakamura, Hikaru"]
[Result "1/2-1/2"]
[WhiteElo "2776"]
[BlackElo "2741"]
[PlyCount "36"]
[EventDate "2019.11.25"]

1. d4 Nf6 2. c4 e6 3. Nf3 d5 4. Nc3 Be7 5. Bg5 h6 6. Bh4 O-O 7. e3 Ne4 8. Bxe7
Qxe7 9. Rc1 c6 10. Bd3 Nxc3 11. Rxc3 dxc4 12. Bxc4 Nd7 13. O-O e5 14. Bb3 e4
15. Nd2 Nf6 16. Rc5 Nd7 17. Rc3 Nf6 18. Rc5 Nd7 1/2-1/2

[Event "Tata Steel India Blitz"]
[Site "Kolkata IND"]
[Date "2019.11.25"]
[Round "2"]
[White "Ding, Liren"]
[Black "Vidit, Santosh Gujrathi"]
[Result "0-1"]
[WhiteElo "2801"]
[BlackElo "2722"]
[PlyCount "158"]
[EventDate "2019.11.25"]

1. c4 c5 2. g3 g6 3. Bg2 Bg7 4. Nc3 Nc6 5. Nf3 d6 6. O-O Rb8 7. e3 Nf6 8. d4
O-O 9. b3 Be6 10. d5 Nxd5 11. cxd5 Bxc3 12. dxe6 Bxa1 13. exf7+ Rxf7 14. Ng5
Rf5 15. Bd5+ Kh8 16. Ne6 Qd7 17. e4 Rf6 18. Bg5 Bd4 19. Bxf6+ exf6 20. Qf3 Be5
21. Kg2 Re8 22. Nf4 Nd4 23. Qe3 Bxf4 24. Qxf4 Kg7 25. h4 h5 26. Rd1 Re5 27. b4
b6 28. bxc5 dxc5 29. Rd3 Qe7 30. a4 f5 31. Re3 Qf6 32. Bc4 fxe4 33. Rxe4 Qxf4
34. Rxf4 Nf5 35. Kf3 Nd6 36. Bd3 Re6 37. g4 hxg4+ 38. Rxg4 Nf7 39. Kg3 Ne5 40.
Re4 Kf6 41. Bb5 Rd6 42. f4 Nc6 43. Kg4 Ne7 44. Bc4 Nf5 45. Re8 Rd4 46. Re6+ Kg7
47. Bb5 Rd1 48. Re8 Rg1+ 49. Kf3 Nxh4+ 50. Kf2 Rg4 51. Re7+ Kf6 52. Rxa7 Rxf4+
53. Ke3 Kg5 54. Ra6 Rf6 55. a5 Nf5+ 56. Kd2 bxa5 57. Rxa5 Nd4 58. Bc4 Rf5 59.
Ke3 Re5+ 60. Kf2 Kf4 61. Ra8 g5 62. Rf8+ Rf5 63. Rg8 Kg4+ 64. Kg2 Re5 65. Kf2
Nf5 66. Bd3 Nd6 67. Be2+ Kf4 68. Rf8+ Rf5 69. Rg8 Ne4+ 70. Kg2 Ke3 71. Bc4 Rf2+
72. Kh3 Rc2 73. Be6 Rc3 74. Rf8 Kd4+ 75. Kg4 Rg3+ 76. Kh5 Rg1 77. Bf5 Ng3+ 78.
Kg6 Nxf5 79. Rxf5 c4 0-1

[Event "Tata Steel India Blitz"]
[Site "Kolkata IND"]
[Date "2019.11.25"]
[Round "2"]
[White "Harikrishna, Pentala"]
[Black "Nakamura, Hikaru"]
[Result "0-1"]
[WhiteElo "2731"]
[BlackElo "2741"]
[PlyCount "76"]
[EventDate "2019.11.25"]

1. e4 e5 2. Nf3 Nc6 3. Bb5 a6 4. Ba4 d6 5. O-O Bd7 6. c3 g6 7. d4 Bg7 8. Re1
Nf6 9. Nbd2 O-O 10. Nf1 b5 11. Bb3 Re8 12. Ng3 Na5 13. Bc2 exd4 14. cxd4 Bg4
15. h3 Bxf3 16. Qxf3 Nd7 17. Qd1 c5 18. dxc5 dxc5 19. Rb1 Nc6 20. Be3 Qe7 21.
f4 Rad8 22. Qe2 Nd4 23. Bxd4 Bxd4+ 24. Kh2 Qh4 25. Qf3 g5 26. e5 Qxf4 27. Qh5
Qh4 28. Bxh7+ Kh8 29. Bg6+ Qxh5 30. Bxh5 Bxe5 31. Bxf7 Rf8 32. Be6 Bf4 33. Rbd1
Nf6 34. Bg4 Rxd1 35. Bxd1 Re8 36. Rxe8+ Nxe8 37. Bf3 Nd6 38. b3 Nf5 0-1

[Event "Tata Steel India Blitz"]
[Site "Kolkata IND"]
[Date "2019.11.25"]
[Round "2"]
[White "Carlsen, Magnus"]
[Black "Giri, Anish"]
[Result "1/2-1/2"]
[WhiteElo "2870"]
[BlackElo "2776"]
[PlyCount "79"]
[EventDate "2019.11.25"]

1. e4 c5 2. Nf3 d6 3. Bb5+ Bd7 4. Bxd7+ Nxd7 5. O-O Ngf6 6. Qe2 e6 7. b3 Be7 8.
c4 O-O 9. Bb2 Rc8 10. d4 d5 11. cxd5 exd5 12. e5 Ne4 13. Nc3 Nxc3 14. Bxc3 Qb6
15. dxc5 Nxc5 16. Bd4 Qg6 17. Bxc5 Bxc5 18. Rad1 Rfd8 19. Rd3 Qe4 20. Qd1 d4
21. Re1 Qd5 22. h4 Rc6 23. Qe2 h6 24. h5 Re6 25. Qd2 a6 26. Qf4 Bb6 27. Red1
Rde8 28. Qg4 Qa5 29. a4 Qd5 30. Rc1 Rc6 31. Rcd1 Rce6 32. Qf4 Rc6 33. Nxd4 Bxd4
34. Qxd4 Qxd4 35. Rxd4 Rxe5 36. Rd8+ Kh7 37. R8d7 b5 38. Rxf7 bxa4 39. bxa4
Rxh5 40. Rf4 1/2-1/2

[Event "Tata Steel India Blitz"]
[Site "Kolkata IND"]
[Date "2019.11.25"]
[Round "2"]
[White "Nepomniachtchi, Ian"]
[Black "So, Wesley"]
[Result "1/2-1/2"]
[WhiteElo "2773"]
[BlackElo "2760"]
[PlyCount "88"]
[EventDate "2019.11.25"]

1. e4 e5 2. Nf3 Nc6 3. Bb5 Nf6 4. d3 Bc5 5. Bxc6 dxc6 6. Nbd2 Nd7 7. Nc4 f6 8.
c3 O-O 9. O-O Re8 10. d4 exd4 11. cxd4 Bf8 12. Re1 Nb6 13. Nxb6 axb6 14. h3 Be6
15. a3 Bf7 16. Bf4 Qd7 17. Qc2 Bd6 18. Bxd6 cxd6 19. Re3 b5 20. Rae1 Bg6 21.
Nh4 Qf7 22. Qd2 d5 23. Nxg6 hxg6 24. e5 fxe5 25. Rxe5 Rxe5 26. Rxe5 Re8 27. Qe3
Rxe5 28. Qxe5 Kh7 29. h4 b6 30. b4 Qa7 31. Qe3 Qd7 32. g3 Qf5 33. Kg2 Qc2 34.
g4 Qd1 35. f3 Qc2+ 36. Kg3 Qb1 37. Kf4 Qb2 38. Kg3 Qc2 39. Qe5 Qc1 40. h5 gxh5
41. Qxh5+ Kg8 42. Qe5 g5 43. Kf2 Qd2+ 44. Kg3 Qc1 1/2-1/2

[Event "Tata Steel India Blitz"]
[Site "Kolkata IND"]
[Date "2019.11.25"]
[Round "3"]
[White "Vidit, Santosh Gujrathi"]
[Black "Nepomniachtchi, Ian"]
[Result "0-1"]
[WhiteElo "2722"]
[BlackElo "2773"]
[PlyCount "70"]
[EventDate "2019.11.25"]

1. Nf3 c5 2. c4 Nc6 3. Nc3 g6 4. e3 Nf6 5. d4 cxd4 6. exd4 d5 7. cxd5 Nxd5 8.
Qb3 e6 9. Bb5 Bg7 10. Bxc6+ bxc6 11. O-O O-O 12. Re1 Qd6 13. Ne4 Qc7 14. Bd2
Rb8 15. Qa3 f6 16. Rac1 g5 17. h3 h5 18. Ba5 Qd7 19. Nc5 Qf7 20. Re4 Qg6 21.
Rce1 g4 22. hxg4 hxg4 23. Nh4 Qh5 24. g3 f5 25. Re5 Bxe5 26. Rxe5 Qh6 27. Nd3
Ba6 28. Bd2 Qxd2 29. Qxa6 f4 30. Rg5+ Kh8 31. Qxa7 Qd1+ 32. Kg2 Ne3+ 33. fxe3
Rxb2+ 34. Nxb2 f3+ 35. Nxf3 Qxf3+ 0-1

[Event "Tata Steel India Blitz"]
[Site "Kolkata IND"]
[Date "2019.11.25"]
[Round "3"]
[White "So, Wesley"]
[Black "Aronian, Levon"]
[Result "1/2-1/2"]
[WhiteElo "2760"]
[BlackElo "2772"]
[PlyCount "69"]
[EventDate "2019.11.25"]

1. Nf3 d5 2. g3 Nc6 3. d4 Bf5 4. Bg2 e6 5. O-O Nb4 6. Na3 c6 7. Nh4 Bg4 8. c3
Na6 9. Nc2 Be7 10. Nf3 Nf6 11. h3 Bh5 12. Ne5 Nd7 13. Nd3 g5 14. Qe1 f5 15. f3
O-O 16. e4 Nc7 17. Be3 fxe4 18. fxe4 Bg6 19. Qe2 dxe4 20. Nf2 Nd5 21. Bxe4 Qc7
22. Kg2 c5 23. Bxg6 hxg6 24. c4 Nxe3+ 25. Qxe3 Qc6+ 26. d5 exd5 27. Qxe7 Rae8
28. Qxg5 d4+ 29. Qd5+ Qxd5+ 30. cxd5 Re2 31. Na3 Ne5 32. Kg1 Nf3+ 33. Kg2 Ne5
34. Kg1 Nf3+ 35. Kg2 1/2-1/2

[Event "Tata Steel India Blitz"]
[Site "Kolkata IND"]
[Date "2019.11.25"]
[Round "3"]
[White "Nakamura, Hikaru"]
[Black "Carlsen, Magnus"]
[Result "1/2-1/2"]
[WhiteElo "2741"]
[BlackElo "2870"]
[PlyCount "63"]
[EventDate "2019.11.25"]

1. d4 d5 2. c4 c6 3. Nf3 Nf6 4. e3 e6 5. Nbd2 b6 6. Bd3 Bb7 7. O-O Nbd7 8. e4
dxe4 9. Nxe4 Nxe4 10. Bxe4 Bd6 11. Qe2 Qc7 12. Bg5 h6 13. Bh4 O-O 14. Rad1 Rfe8
15. Bg3 Bxg3 16. fxg3 Rad8 17. c5 bxc5 18. g4 cxd4 19. g5 c5 20. gxh6 gxh6 21.
Nd2 f5 22. Qh5 Nf8 23. Bxb7 Qxb7 24. Rf3 Kh7 25. Ne4 Re7 26. Ng5+ Kg7 27. Rg3
hxg5 28. Qxg5+ Kf7 29. Qh5+ Kf6 30. Qh8+ Kf7 31. Qh5+ Kf6 32. Qh8+ 1/2-1/2

[Event "Tata Steel India Blitz"]
[Site "Kolkata IND"]
[Date "2019.11.25"]
[Round "3"]
[White "Anand, Viswanathan"]
[Black "Harikrishna, Pentala"]
[Result "1/2-1/2"]
[WhiteElo "2757"]
[BlackElo "2731"]
[PlyCount "101"]
[EventDate "2019.11.25"]

1. e4 e5 2. Nf3 Nc6 3. Bb5 a6 4. Ba4 Nf6 5. O-O Bc5 6. c3 O-O 7. d4 Ba7 8. Re1
b5 9. Bc2 d6 10. h3 h6 11. Be3 Re8 12. Nbd2 Bb7 13. a3 Nb8 14. dxe5 dxe5 15.
Bxa7 Rxa7 16. a4 Ra8 17. Qe2 c6 18. c4 b4 19. c5 Nbd7 20. Nb3 a5 21. Bd3 Qe7
22. Qe3 Nh5 23. Bc4 Nf4 24. Red1 Red8 25. Rd6 Ba6 26. Bxa6 Rxa6 27. Rad1 Ne6
28. Nfd2 Nexc5 29. Nc4 Nb7 30. R6d2 Raa8 31. Nb6 Nxb6 32. Qxb6 Rxd2 33. Rxd2
Nd8 34. Nxa5 Ne6 35. Nxc6 Qg5 36. Qe3 Nf4 37. g3 Rxa4 38. Kh2 Ra1 39. Nxe5 Nxh3
40. Qxg5 Nxg5 41. Kg2 f6 42. Nf3 Nxe4 43. Rd4 f5 44. Rxb4 Rc1 45. Nd4 g6 46.
Rb6 Kf7 47. Kf3 Rf1 48. Ke3 Rxf2 49. g4 Rf1 50. gxf5 gxf5 51. Nxf5 1/2-1/2

[Event "Tata Steel India Blitz"]
[Site "Kolkata IND"]
[Date "2019.11.25"]
[Round "3"]
[White "Giri, Anish"]
[Black "Ding, Liren"]
[Result "1/2-1/2"]
[WhiteElo "2776"]
[BlackElo "2801"]
[PlyCount "60"]
[EventDate "2019.11.25"]

1. e4 e5 2. Nf3 Nc6 3. Bb5 a6 4. Ba4 Nf6 5. O-O Be7 6. d3 b5 7. Bb3 d6 8. a3
O-O 9. Nc3 Na5 10. Ba2 Be6 11. b4 Bxa2 12. Nxa2 Nc6 13. c4 Nd4 14. Nc3 Nxf3+
15. Qxf3 c6 16. Rb1 Qd7 17. a4 bxa4 18. Nxa4 Rab8 19. Nc3 d5 20. exd5 cxd5 21.
Bg5 e4 22. dxe4 dxe4 23. Qe2 Qd3 24. Qxd3 exd3 25. Bxf6 Bxf6 26. Nd5 Rfc8 27.
Rfd1 Rxc4 28. Rxd3 a5 29. Rdb3 axb4 30. Rxb4 Rcxb4 1/2-1/2

[Event "Tata Steel India Blitz"]
[Site "Kolkata IND"]
[Date "2019.11.25"]
[Round "4"]
[White "Nepomniachtchi, Ian"]
[Black "Giri, Anish"]
[Result "1-0"]
[WhiteElo "2773"]
[BlackElo "2776"]
[PlyCount "71"]
[EventDate "2019.11.25"]

1. c4 Nf6 2. Nc3 e5 3. Nf3 Nc6 4. e4 Bb4 5. d3 d6 6. a3 Bc5 7. b4 Bb6 8. Na4
Bd4 9. Rb1 Bg4 10. Be2 Bxf3 11. Bxf3 Qe7 12. Bd2 O-O 13. g3 a5 14. b5 Nd8 15.
Nc3 c6 16. O-O Ne6 17. Bg2 Nd7 18. Kh1 Ndc5 19. Be1 Rac8 20. a4 Qc7 21. Ne2 Ra8
22. f4 exf4 23. gxf4 f5 24. exf5 Rxf5 25. Bh3 Rf6 26. f5 Raf8 27. Bg3 Ng5 28.
Nxd4 Nxh3 29. Qg4 Rh6 30. f6 Qd7 31. Qxd7 Nxd7 32. bxc6 bxc6 33. fxg7 Rxf1+ 34.
Rxf1 Rf6 35. Rxf6 Nxf6 36. Nxc6 1-0

[Event "Tata Steel India Blitz"]
[Site "Kolkata IND"]
[Date "2019.11.25"]
[Round "4"]
[White "Harikrishna, Pentala"]
[Black "Carlsen, Magnus"]
[Result "0-1"]
[WhiteElo "2731"]
[BlackElo "2870"]
[PlyCount "134"]
[EventDate "2019.11.25"]

1. d4 d5 2. c4 e6 3. Nc3 Bb4 4. Bd2 Nf6 5. Nf3 O-O 6. e3 Nbd7 7. Rc1 Be7 8. Qc2
a6 9. a4 c5 10. cxd5 exd5 11. Be2 b6 12. O-O Bb7 13. Rfd1 Re8 14. Ne5 Rc8 15.
Bf3 Bd6 16. Nxd7 Qxd7 17. dxc5 bxc5 18. Be1 d4 19. Bxb7 Qxb7 20. exd4 Qb8 21.
d5 Bxh2+ 22. Kf1 Be5 23. Rd3 Bd4 24. Rcd1 h6 25. Rg3 Rcd8 26. Bd2 Kh8 27. Bc1
Qe5 28. Qd2 Bxc3 29. Rxc3 Ne4 30. Qd3 Nxc3 31. bxc3 c4 32. Qf3 Qe4 33. Qxe4
Rxe4 34. Ba3 Re5 35. d6 Rd7 36. Rd4 Kg8 37. Rxc4 f6 38. Rc6 Ra5 39. Rc7 Rd8 40.
c4 Rxa4 41. d7 Kf7 42. c5 Rxa3 43. c6 Rc3 44. Ke2 Ke7 45. Kd2 Rc5 46. Kd3 a5
47. Kd4 Rc1 48. Kd5 a4 49. Ra7 Rd1+ 50. Kc5 R8xd7 51. cxd7 Rxd7 52. Rxa4 Rd2
53. Rf4 g5 54. Rf3 h5 55. Kc4 Ke6 56. Kc3 Ra2 57. Re3+ Kf5 58. Rf3+ Kg6 59. Kd4
f5 60. g3 Re2 61. Kd3 Re4 62. Kd2 h4 63. gxh4 gxh4 64. Ra3 Kg5 65. f3 Re8 66.
Ra7 Kf4 67. Rh7 Kg3 0-1

[Event "Tata Steel India Blitz"]
[Site "Kolkata IND"]
[Date "2019.11.25"]
[Round "4"]
[White "Ding, Liren"]
[Black "Nakamura, Hikaru"]
[Result "1/2-1/2"]
[WhiteElo "2801"]
[BlackElo "2741"]
[PlyCount "86"]
[EventDate "2019.11.25"]

1. c4 e5 2. g3 Nf6 3. Bg2 d5 4. cxd5 Nxd5 5. Nc3 Nb6 6. Nf3 Nc6 7. O-O Be7 8.
a3 O-O 9. b4 Be6 10. b5 Nd4 11. Rb1 f6 12. e3 Nxf3+ 13. Bxf3 Qc8 14. a4 a5 15.
bxa6 Rxa6 16. d4 Rd8 17. Qc2 Bf5 18. Qb3+ Be6 19. d5 Bf7 20. Rd1 Bd6 21. Ba3
Bxa3 22. Qxa3 Nc4 23. Qc5 Nd6 24. Nb5 Rxa4 25. Qxc7 Qxc7 26. Nxc7 h5 27. Ne6
Rc8 28. Rb6 Ra6 29. Rdb1 Rc1+ 30. Rxc1 Rxb6 31. Rc7 g5 32. h4 gxh4 33. gxh4 e4
34. Be2 Nf5 35. Rc8+ Kh7 36. Rc7 Kg8 37. Nf4 Nxh4 38. Bxh5 Bxh5 39. Nxh5 Nf5
40. Nf4 Kf8 41. Kg2 Rb2 42. Ne6+ Ke8 43. Ng7+ Nxg7 1/2-1/2

[Event "Tata Steel India Blitz"]
[Site "Kolkata IND"]
[Date "2019.11.25"]
[Round "4"]
[White "Aronian, Levon"]
[Black "Vidit, Santosh Gujrathi"]
[Result "1/2-1/2"]
[WhiteElo "2772"]
[BlackElo "2722"]
[PlyCount "63"]
[EventDate "2019.11.25"]

1. e4 e5 2. Nf3 Nc6 3. Bb5 a6 4. Ba4 Nf6 5. O-O Nxe4 6. d4 b5 7. Bb3 d5 8. Nxe5
Nxe5 9. dxe5 c6 10. Be3 Be7 11. c3 O-O 12. Bc2 f5 13. exf6 Nxf6 14. h3 Bd6 15.
Nd2 Be6 16. f4 Re8 17. Qf3 c5 18. Rae1 Bf7 19. Bf2 Qc7 20. g3 Bh5 21. Qg2 Be2
22. Ne4 Bxf1 23. Nxf6+ gxf6 24. Qxd5+ Kh8 25. Rxf1 Rad8 26. Qh5 Bf8 27. Rd1
Rxd1+ 28. Qxd1 Qf7 29. b3 c4 30. bxc4 bxc4 31. h4 f5 32. Qf3 1/2-1/2

[Event "Tata Steel India Blitz"]
[Site "Kolkata IND"]
[Date "2019.11.25"]
[Round "5"]
[White "So, Wesley"]
[Black "Harikrishna, Pentala"]
[Result "1/2-1/2"]
[WhiteElo "2760"]
[BlackElo "2731"]
[PlyCount "77"]
[EventDate "2019.11.25"]

1. c4 Nf6 2. Nf3 e6 3. b3 b6 4. g3 Bb7 5. Bg2 Be7 6. O-O c5 7. Bb2 O-O 8. d4
cxd4 9. Qxd4 Nc6 10. Qd2 d5 11. cxd5 Qxd5 12. Qe3 Qe4 13. Qxe4 Nxe4 14. Nfd2
Nxd2 15. Nxd2 Rac8 16. Rac1 Na5 17. Bxb7 Nxb7 18. Kg2 f6 19. f4 Kf7 20. Nf3 Nd6
21. Nd4 Nf5 22. Nxf5 exf5 23. Rfd1 Ke6 24. Kf3 Rxc1 25. Rxc1 Rd8 26. Rc6+ Rd6
27. Rc2 Rd1 28. e3 Bc5 29. Bc3 Rf1+ 30. Ke2 Rh1 31. Kd3 Kd5 32. Re2 a5 33. a4
h5 34. Be1 Rf1 35. Bc3 Rd1+ 36. Kc2 Rh1 37. Kd3 Rd1+ 38. Kc2 Rh1 39. Kd3
1/2-1/2

[Event "Tata Steel India Blitz"]
[Site "Kolkata IND"]
[Date "2019.11.25"]
[Round "5"]
[White "Vidit, Santosh Gujrathi"]
[Black "Anand, Viswanathan"]
[Result "1/2-1/2"]
[WhiteElo "2722"]
[BlackElo "2757"]
[PlyCount "211"]
[EventDate "2019.11.25"]

1. d4 Nf6 2. c4 e6 3. Nf3 Bb4+ 4. Bd2 Qe7 5. g3 Nc6 6. Nc3 Bxc3 7. Bxc3 Ne4 8.
Rc1 d6 9. d5 Nxc3 10. Rxc3 Nd8 11. Bg2 e5 12. c5 O-O 13. cxd6 cxd6 14. O-O f5
15. Qb3 Nf7 16. Rfc1 Qf6 17. Rc7 e4 18. Nd2 Qd4 19. Nc4 Qxd5 20. Rd1 Qe6 21.
Nxd6 Qxb3 22. axb3 Nxd6 23. Rxd6 Rf7 24. Rd8+ Rf8 25. Rxf8+ Kxf8 26. f3 e3 27.
f4 Be6 28. Rc3 Rd8 29. Rxe3 Kf7 30. Bxb7 Rd2 31. b4 Rxb2 32. Ra3 Rxb4 33. Rxa7
Kf6 34. Bf3 Rd4 35. Kf2 Rd7 36. Ra6 Ke7 37. g4 g6 38. g5 Kf7 39. h4 Bd5 40.
Bxd5+ Rxd5 41. Ra7+ Kg8 42. Re7 Rd4 43. Kf3 Ra4 44. h5 Ra3+ 45. e3 Ra1 46. h6
Ra8 47. Ke2 Rd8 48. Ke1 Kh8 49. Ke2 Kg8 50. Rc7 Kh8 51. Rc4 Kg8 52. Rd4 Re8 53.
Rd7 Kh8 54. Kd3 Kg8 55. Kd4 Kh8 56. Rd5 Kg8 57. Kd3 Kh8 58. Kc4 Kg8 59. Re5 Rd8
60. Re7 Kh8 61. Kc5 Kg8 62. Kc6 Kh8 63. Kc7 Ra8 64. Kd7 Kg8 65. Ke6 Ra6+ 66.
Kd5 Ra5+ 67. Kc6 Ra8 68. Rd7 Kh8 69. Kb7 Re8 70. Kc7 Kg8 71. Kd6 Kh8 72. Kd5
Kg8 73. Kd4 Re4+ 74. Kd3 Re8 75. Ke2 Kh8 76. Rb7 Kg8 77. Kd3 Kh8 78. Kd4 Kg8
79. Kd5 Kh8 80. Kd4 Kg8 81. Kd3 Kh8 82. Rd7 Kg8 83. Rd4 Kh8 84. e4 fxe4+ 85.
Rxe4 Rxe4 86. Kxe4 Kg8 87. Kd5 Kh8 88. Kd6 Kg8 89. Ke7 Kh8 90. Ke6 Kg8 91. Ke5
Kh8 92. Ke4 Kg8 93. Ke5 Kf7 94. Kd6 Kf8 95. Kc6 Kf7 96. Kd7 Kf8 97. Ke6 Kg8 98.
Ke7 Kh8 99. Kf6 Kg8 100. Ke6 Kh8 101. f5 gxf5 102. Kxf5 Kg8 103. Ke6 Kh8 104.
Kf6 Kg8 105. Ke7 Kh8 106. Kf7 1/2-1/2

[Event "Tata Steel India Blitz"]
[Site "Kolkata IND"]
[Date "2019.11.25"]
[Round "5"]
[White "Carlsen, Magnus"]
[Black "Ding, Liren"]
[Result "0-1"]
[WhiteElo "2870"]
[BlackElo "2801"]
[PlyCount "70"]
[EventDate "2019.11.25"]

1. e4 e5 2. Nf3 Nc6 3. Bb5 a6 4. Ba4 Nf6 5. O-O Be7 6. Bxc6 dxc6 7. d3 Nd7 8.
Nbd2 O-O 9. a4 a5 10. b3 f6 11. Nh4 Nc5 12. Nf5 Ne6 13. Nc4 b6 14. Nxe7+ Qxe7
15. Ne3 g6 16. Bb2 c5 17. Qd2 Bb7 18. Rae1 Rad8 19. f3 Kf7 20. Qf2 Ke8 21. Qh4
Kd7 22. f4 Nxf4 23. Rxf4 exf4 24. Ng4 g5 25. Qh6 Qe6 26. Nxf6+ Kc8 27. Qxg5 f3
28. Rf1 Rg8 29. Nxg8 Rxg8 30. Qe5 Rxg2+ 31. Kh1 Qg6 32. h4 Bc6 33. Qf4 Rxc2 34.
Rg1 Rg2 35. Qe3 Qg3 0-1

[Event "Tata Steel India Blitz"]
[Site "Kolkata IND"]
[Date "2019.11.25"]
[Round "5"]
[White "Nakamura, Hikaru"]
[Black "Nepomniachtchi, Ian"]
[Result "1/2-1/2"]
[WhiteElo "2741"]
[BlackElo "2773"]
[PlyCount "89"]
[EventDate "2019.11.25"]

1. d4 Nf6 2. Bg5 e6 3. e4 h6 4. Bxf6 Qxf6 5. c3 b6 6. g3 Bb7 7. Bg2 Qe7 8. Nd2
g6 9. Ngf3 Bg7 10. O-O O-O 11. Re1 d6 12. e5 Nd7 13. exd6 cxd6 14. a4 a6 15.
Nh4 Nf6 16. Qe2 Rab8 17. Bxb7 Qxb7 18. Ng2 b5 19. axb5 axb5 20. Ne3 b4 21. c4
Ne4 22. Nf3 f5 23. Ra5 Kh7 24. Rea1 Ra8 25. Nf1 Rxa5 26. Rxa5 Ra8 27. Rxa8 Qxa8
28. b3 Qa1 29. Qe3 g5 30. h3 Qc3 31. Kg2 Kg6 32. g4 h5 33. gxh5+ Kh6 34. d5
exd5 35. cxd5 Kxh5 36. Ng3+ Kg6 37. Nxe4 Qxe3 38. fxe3 fxe4 39. Nd2 Kf5 40. Nc4
Be5 41. Na5 Bc3 42. Nc4 Be5 43. Kf2 Kf6 44. Na5 Kf5 45. Nc4 1/2-1/2

[Event "Tata Steel India Blitz"]
[Site "Kolkata IND"]
[Date "2019.11.25"]
[Round "5"]
[White "Giri, Anish"]
[Black "Aronian, Levon"]
[Result "1-0"]
[WhiteElo "2776"]
[BlackElo "2772"]
[PlyCount "71"]
[EventDate "2019.11.25"]

1. d4 Nf6 2. c4 e6 3. Nf3 d5 4. g3 Be7 5. Bg2 O-O 6. O-O dxc4 7. Qc2 a6 8. Qxc4
b5 9. Qc2 Bb7 10. Bd2 Be4 11. Qc1 Nc6 12. Be3 b4 13. Nbd2 Bd5 14. Bg5 Nxd4 15.
Nxd4 Bxg2 16. Nxe6 fxe6 17. Kxg2 Qd5+ 18. Nf3 c5 19. Qc2 c4 20. Rad1 Qb5 21.
Rd4 Rac8 22. Rh4 c3 23. Bxf6 Bxf6 24. Qxh7+ Kf7 25. Rh5 Qxe2 26. Re1 Qxe1 27.
Nxe1 cxb2 28. Nd3 Rh8 29. Qe4 Rxh5 30. Qb7+ Be7 31. Nxb2 Rc2 32. Nd3 Rxa2 33.
g4 Rd5 34. Nxb4 Rb5 35. Qf3+ Kg8 36. Nxa2 1-0

[Event "Tata Steel India Blitz"]
[Site "Kolkata IND"]
[Date "2019.11.25"]
[Round "6"]
[White "Harikrishna, Pentala"]
[Black "Ding, Liren"]
[Result "0-1"]
[WhiteElo "2731"]
[BlackElo "2801"]
[PlyCount "92"]
[EventDate "2019.11.25"]

1. e4 e5 2. Nf3 Nc6 3. Bb5 a6 4. Ba4 Nf6 5. O-O Be7 6. Re1 b5 7. Bb3 d6 8. c3
O-O 9. h3 Re8 10. d4 Bb7 11. Nbd2 Bf8 12. d5 Nb8 13. Nf1 Nbd7 14. Ng3 h6 15.
Nh2 Nc5 16. Bc2 c6 17. b4 Ncd7 18. dxc6 Bxc6 19. Bb3 a5 20. bxa5 Rxa5 21. Ng4
Nc5 22. Nxf6+ Qxf6 23. Bd5 Bxd5 24. Qxd5 Qe6 25. Qxe6 fxe6 26. Be3 Rc8 27. Rab1
Na4 28. Ne2 Rc4 29. f3 d5 30. exd5 exd5 31. Bd2 Nc5 32. Nc1 e4 33. Rd1 exf3 34.
gxf3 Ne6 35. Be3 Rxc3 36. Bd2 Bc5+ 37. Kg2 Rc2 38. Kf1 Ra7 39. Rxb5 Rf7 40. Rb3
Nd4 41. Rd3 Nxf3 42. Kg2 Nh4+ 43. Kg3 Bd6+ 44. Kxh4 Rc4+ 45. Kh5 Kh7 46. Bxh6
g6+ 0-1

[Event "Tata Steel India Blitz"]
[Site "Kolkata IND"]
[Date "2019.11.25"]
[Round "6"]
[White "Aronian, Levon"]
[Black "Nakamura, Hikaru"]
[Result "0-1"]
[WhiteElo "2772"]
[BlackElo "2741"]
[PlyCount "130"]
[EventDate "2019.11.25"]

1. e4 e5 2. Nf3 Nc6 3. Bc4 Bc5 4. O-O Nf6 5. d3 d6 6. c3 O-O 7. Re1 h6 8. Nbd2
a5 9. Nf1 Ne7 10. Ng3 Ng6 11. Bb3 c6 12. d4 Bb6 13. h3 Re8 14. Be3 exd4 15.
Bxd4 Bc7 16. Qd2 a4 17. Bc2 Ne5 18. Nh2 c5 19. Bxe5 dxe5 20. Qe2 Be6 21. Bd3 a3
22. b3 Ba5 23. Rac1 g6 24. Bc4 Kg7 25. Nf3 Bd7 26. Bb5 Qc7 27. Nf1 Bc6 28. N1d2
Qd7 29. Bxc6 Qxc6 30. b4 Bc7 31. b5 Qe6 32. Qc4 Qxc4 33. Nxc4 Ra4 34. Nfd2 Nd7
35. Kf1 Nb6 36. Ne3 Bd8 37. c4 Bg5 38. Ke2 Bxe3 39. fxe3 Rb4 40. Rc2 Rd8 41.
Rec1 Rb2 42. g4 Na4 43. Nb1 Ra8 44. Kd3 Rb4 45. Ke2 Nb6 46. Nd2 Rb2 47. Kd3
Rd8+ 48. Ke2 Kf6 49. Rxb2 axb2 50. Rb1 Na4 51. Rf1+ Ke6 52. Nb1 Nb6 53. Nd2 Ra8
54. Rb1 Rxa2 55. Kd3 Ra3+ 56. Kc2 Rxe3 57. Rxb2 Rxh3 58. Rb1 Nc8 59. Nb3 b6 60.
Ra1 Rh4 61. Ra6 Kd7 62. Kd3 Rxg4 63. Ra1 Rg3+ 64. Kc2 h5 65. Rf1 Ke6 0-1

[Event "Tata Steel India Blitz"]
[Site "Kolkata IND"]
[Date "2019.11.25"]
[Round "6"]
[White "Anand, Viswanathan"]
[Black "Giri, Anish"]
[Result "1/2-1/2"]
[WhiteElo "2757"]
[BlackElo "2776"]
[PlyCount "46"]
[EventDate "2019.11.25"]

1. e4 e5 2. Nf3 Nc6 3. Bb5 Nf6 4. d3 Bc5 5. c3 O-O 6. O-O d5 7. exd5 Qxd5 8.
Qb3 Bf5 9. Qxd5 Nxd5 10. Bxc6 bxc6 11. Nxe5 Bd6 12. d4 c5 13. Nf3 Rfe8 14. dxc5
Bxc5 15. Nbd2 Bd3 16. Rd1 Be2 17. Re1 Bb6 18. g3 a5 19. a4 Re7 20. Nh4 Rae8 21.
Nf1 Bg4 22. Rxe7 Rxe7 23. Be3 Nxe3 1/2-1/2

[Event "Tata Steel India Blitz"]
[Site "Kolkata IND"]
[Date "2019.11.25"]
[Round "6"]
[White "So, Wesley"]
[Black "Vidit, Santosh Gujrathi"]
[Result "1/2-1/2"]
[WhiteElo "2760"]
[BlackElo "2722"]
[PlyCount "79"]
[EventDate "2019.11.25"]

1. Nf3 Nf6 2. d4 d5 3. c4 e6 4. g3 Be7 5. Bg2 O-O 6. O-O dxc4 7. Qc2 a6 8. Qxc4
b5 9. Qc2 Bb7 10. Bd2 Be4 11. Qc1 c6 12. a4 Nbd7 13. Nc3 Bg6 14. Nh4 Rc8 15.
Nxg6 hxg6 16. axb5 axb5 17. Rd1 Qb6 18. e3 Rfd8 19. Qb1 c5 20. d5 b4 21. Na4
Qd6 22. e4 exd5 23. Bf4 Ne5 24. exd5 Nfd7 25. b3 g5 26. Bxe5 Nxe5 27. Nb2 Bf6
28. Qc2 Ra8 29. Ra4 Rxa4 30. Nxa4 Rc8 31. Nb2 g4 32. h4 Ra8 33. Na4 Nd7 34. Qe4
Ne5 35. Qc2 Rc8 36. Nb2 Rc7 37. h5 Ra7 38. Na4 Rc7 39. Nb2 Ra7 40. Na4 1/2-1/2

[Event "Tata Steel India Blitz"]
[Site "Kolkata IND"]
[Date "2019.11.25"]
[Round "7"]
[White "Carlsen, Magnus"]
[Black "Aronian, Levon"]
[Result "1-0"]
[WhiteElo "2870"]
[BlackElo "2772"]
[PlyCount "111"]
[EventDate "2019.11.25"]

1. c4 Nf6 2. Nc3 e5 3. Nf3 Nc6 4. d3 d5 5. cxd5 Nxd5 6. e4 Nb6 7. Be2 Be7 8.
Be3 O-O 9. O-O Be6 10. a4 a6 11. a5 Nd7 12. d4 exd4 13. Nxd4 Nxd4 14. Bxd4 Nc5
15. Be3 Qxd1 16. Rfxd1 Rfd8 17. Nd5 Bxd5 18. exd5 Nd7 19. Bf4 Bd6 20. Bxd6 cxd6
21. Rac1 Nf6 22. Rc7 Rab8 23. Bf3 b6 24. b4 bxa5 25. bxa5 Rb5 26. Ra1 Nxd5 27.
Bxd5 Rxd5 28. Ra7 g6 29. h3 Rb8 30. Rxa6 Kg7 31. Rc6 Rb2 32. a6 Rdd2 33. a7
Rxf2 34. Rc2 Rbxc2 35. a8=Q h5 36. Qe4 Rce2 37. Qd4+ Rf6 38. Rf1 Re5 39. Rxf6
Kxf6 40. Qxd6+ Re6 41. Qf8 Re5 42. Kf2 Rf5+ 43. Ke3 Re5+ 44. Kd4 Re2 45. g4
hxg4 46. hxg4 Rg2 47. Qh8+ Ke7 48. Qh3 Rd2+ 49. Ke5 Re2+ 50. Kf4 Re6 51. Kg5
Re5+ 52. Kh6 g5 53. Kg7 Re6 54. Qa3+ Ke8 55. Qa8+ Ke7 56. Qb7+ 1-0